Länder, aber alle Vokale sind O - Statistiken

Allgemein
  • Dieses Quiz wurde 235 mal gespielt
    104 seit der letzten Aktualisierung
  • Das Durchschnittsergebnis liegt bei 19 aus 20
Antwortstatistiken
Lond Land % Korrekt
Ofghonoston Afghanistan
100%
Ondorro Andorra
100%
Ongolo Angola
100%
Orgontonoon Argentinien
100%
Osorboodschon Aserbaidschan
100%
Bonglodosch Bangladesch
100%
Borbodos Barbados
100%
Boloros Belarus
100%
Bolgoon Belgien
100%
Bhoton Bhutan
100%
Bolovoon Bolivien
100%
Botswono Botswana
100%
Bolgoroon Bulgarien
100%
Cholo Chile
100%
Chono China
100%
Donomork Dänemark
100%
Dootschlond Deutschland
100%
Domonoco Dominica
100%
Dschoboto Dschibuti
100%
Olfonboonkosto Elfenbeinküste
100%
Ostlond Estland
100%
Fronkrooch Frankreich
100%
Gobon Gabun
100%
Gomboo Gambia
100%
Ghono Ghana
100%
Gronodo Grenada
100%
Groochonlond Griechenland
100%
Gootomolo Guatemala
100%
Hooto Haiti
100%
Hondoros Honduras
100%
Ondonosoon Indonesien
100%
Orok Irak
100%
Oslond Island
100%
Otoloon Italien
100%
Jopon Japan
100%
Jomon Jemen
100%
Jordonoon Jordanien
100%
Kombodscho Kambodscha
100%
Komoron Kamerun | Komoren
100%
Konodo Kanada
100%
Kosochston Kasachstan
100%
Korgososton Kirgisistan
100%
Kolomboon Kolumbien
100%
Krootoon Kroatien
100%
Kobo Kuba
100%
Loxomborg Luxemburg
100%
Modogoskor Madagaskar
100%
Molowo Malawi
100%
Molodovon Malediven
100%
Molo Mali
100%
Molto Malta
100%
Morokko Marokko
100%
Morshollonsoln Marshallinseln
100%
Moxoko Mexiko
100%
Moldowoon Moldawien
100%
Montonogro Montenegro
100%
Mosombok Mosambik
100%
Nomoboo Namibia
100%
Nopol Nepal
100%
Nocorogoo Nicaragua
100%
Noodorlondo Niederlande
100%
Nogor Niger
100%
Nordkoroo Nordkorea
100%
Norwogon Norwegen
100%
Omon Oman
100%
Ostorrooch Österreich
100%
Osttomor Osttimor
100%
Ponomo Panama
100%
Polon Polen
100%
Portogol Portugal
100%
Rosslond Russland
100%
Somboo Sambia
100%
Somoo Samoa
100%
Schwodon Schweden
100%
Slowokoo Slowakei
100%
Slowonoon Slowenien
100%
Sponoon Spanien
100%
Sodofroko Südafrika
100%
Sodon Sudan
100%
Sodkoroo Südkorea
100%
Soronomo Suriname
100%
Todschokoston Tadschikistan
100%
Thoolond Thailand
100%
Togo Togo
100%
Tongo Tonga
100%
Tschod Tschad
100%
Torkmonoston Turkmenistan
100%
Ongorn Ungarn
100%
Osbokoston Usbekistan
100%
Votokonstodt Vatikanstadt
100%
Vootnom Vietnam
100%
Zoporn Zypern
100%
Lobonon Libanon
94%
Othoopoon Äthiopien
93%
Fodscho Fidschi
93%
Loos Laos
93%
Sonogol Senegal
93%
Goyono Guyana
92%
Oron Iran
92%
Moorotonoon Mauretanien
92%
Pokoston Pakistan
92%
Sombobwo Simbabwe
92%
Tonsonoo Tansania
92%
Ogondo Uganda
92%
Bonon Benin
91%
Borondo Burundi
91%
Toowon Taiwan
91%
Fonnlond Finnland
90%
Goonoo Guinea
90%
Nordmozodonoon Nordmazedonien
90%
Pholopponon Philippinen
90%
Schwooz Schweiz
90%
Vonozoolo Venezuela
90%
Jomooko Jamaika
89%
Konyo Kenia
89%
Kowoot Kuwait
89%
Loochtonstoon Liechtenstein
89%
Lotooon Litauen
89%
Poro Peru
89%
Soroon Syrien
89%
Tschochoon Tschechien
89%
Torkoo Türkei
89%
Bronoo Brunei
88%
Orlond Irland
88%
Kosovo Kosovo
88%
Mongoloo Mongolei
88%
Noosoolond Neuseeland
88%
Poloo Palau
88%
Solomonon Salomonen
88%
Sodsodon Südsudan
88%
Brosoloon Brasilien
86%
Ocoodor Ecuador
86%
Kotor Katar
86%
Koroboto Kiribati
86%
Losotho Lesotho
86%
Lottlond Lettland
86%
Loboroo Liberia
86%
Monoco Monaco
86%
Moonmor Myanmar
86%
Nooro Nauru
86%
Romonoon Rumänien
86%
Tovolo Tuvalu
86%
Olgoroon Algerien
83%
Nogoroo Nigeria
83%
Sorboon Serbien
83%
Songopor Singapur
83%
Bolozo Belize
82%
Porogooo Paraguay
82%
Roondo Ruanda
82%
Oswotono Eswatini
80%
Goorgoon Georgien
80%
Moloosoo Malaysia
80%
Moorotoos Mauritius
80%
Vonooto Vanuatu
80%
Ogopton Ägypten
78%
Bohroon Bahrain
78%
Osrool Israel
78%
Loboon Libyen
78%
Tonosoon Tunesien
78%
Bohomos Bahamas
75%
Orotroo Eritrea
75%
Soochollon Seychellen
73%
Okroono Ukraine
71%
Ormonoon Armenien
70%
Olbonoon Albanien
67%
Oostroloon Australien
60%
Somoloo Somalia
60%
Ondoon Indien
58%
Orogooo Uruguay
25%
Keine übereinstimmenden Quizze gefunden
Verteilung der Resultate
Anzahl Personen mit jedem Resultat
Perzentil nach korrekt beantworteten Fragen
Ihre Resultats-Entwicklung
Sie haben dieses Quiz seit der letzten Aktualisierung nicht gespielt